The noble scholar, jurist, historian


 His Excellency Dr. Abdul Wahhab bin Ibrahim Abu Sulaiman, may Allah have mercy on him.


 He was born in Umm Al-Qura in the year 1356 AH.

الحاصل من المحصول في أصول الفقه / (Record no. 2958)

MARC details
000 -LEADER
fixed length control field 01303cam a2200277 i 4500
003 - CONTROL NUMBER IDENTIFIER
control field SA-RiAUC
005 - DATE AND TIME OF LATEST TRANSACTION
control field 20241202142833.0
008 - FIXED-LENGTH DATA ELEMENTS--GENERAL INFORMATION
fixed length control field 241202s2002 le g 000 0 ara c
020 ## - INTERNATIONAL STANDARD BOOK NUMBER
International Standard Book Number 9959290574
040 ## - CATALOGING SOURCE
Original cataloging agency SA-JeALM
Language of cataloging ara
Transcribing agency SA-RiAUC.
Description conventions rda
082 04 - DEWEY DECIMAL CLASSIFICATION NUMBER
Classification number 251
Assigning agency SA-RiAUC
090 ## - LOCALLY ASSIGNED LC-TYPE CALL NUMBER (OCLC); LOCAL CALL NUMBER (RLIN)
Classification number (OCLC) (R) ; Classification number, CALL (RLIN) (NR) 251 ا ر م
Local cutter number (OCLC) ; Book number/undivided call number, CALL (RLIN) ا ر م
100 1# - MAIN ENTRY--PERSONAL NAME
Personal name الأرموي، محمد بن الحسين بن عبد الله،
Dates associated with a name توفي 653 هجري
Relator term مؤلف.
245 12 - TITLE STATEMENT
Title الحاصل من المحصول في أصول الفقه /
Statement of responsibility, etc. محمد بن الحسين بن عبد الله الأرموي ؛ تحقيق د. عبد السلام أبو ناجي.
250 ## - EDITION STATEMENT
Edition statement الطبعة الأولى.
264 #1 - PRODUCTION, PUBLICATION, DISTRIBUTION, MANUFACTURE, AND COPYRIGHT NOTICE
Place of production, publication, distribution, manufacture بيروت :
Name of producer, publisher, distributor, manufacturer المدار الإسلامي،
Date of production, publication, distribution, manufacture, or copyright notice 2002
300 ## - PHYSICAL DESCRIPTION
Extent 3 مجلد؛
Dimensions 24 سم
336 ## - CONTENT TYPE
Content type term نص
Content type code txt
Source rdacontent
Materials specified كتاب
337 ## - MEDIA TYPE
Media type term بدون وسيط
Media type code n
Source rdamedia
338 ## - CARRIER TYPE
Carrier type term مجلد
Carrier type code nc
Source rdacarrier
650 #7 - SUBJECT ADDED ENTRY--TOPICAL TERM
Topical term or geographic name entry element أصول الفقه الإسلامي
Source of heading or term aucsh
700 12 - ADDED ENTRY--PERSONAL NAME
Relationship information تحقيق لـ (عمل) :
Personal name الأرموي، محمد بن الحسين بن عبد الله،
Dates associated with a name توفي 653 هجري
Title of a work الحاصل من المحصول في أصول الفقه.
700 ## - ADDED ENTRY--PERSONAL NAME
Personal name ابو ناجي، عبدالسلام محمود
Relator term محقق
942 ## - ADDED ENTRY ELEMENTS (KOHA)
Source of classification or shelving scheme Dewey Decimal Classification
Koha item type Books
Suppress in OPAC No
949 ## - LOCAL PROCESSING INFORMATION (OCLC)
a SA-JeALM
d 241202
u osman123
n 1
Holdings
Withdrawn status Lost status Source of classification or shelving scheme Materials specified (bound volume or other part) Damaged status Not for loan Home library Current library Date acquired Total checkouts Full call number Barcode Date last seen Price effective from Koha item type
    Dewey Decimal Classification الجز الاول     DR AbdElwahab Library DR AbdElwahab Library 12/02/2024   251 ا ر م 000004620 12/02/2024 12/02/2024 Books
    Dewey Decimal Classification الجز الثاني     DR AbdElwahab Library DR AbdElwahab Library 12/02/2024   251 ا ر م 000004621 12/02/2024 12/02/2024 Books
    Dewey Decimal Classification الجزء الثالث     DR AbdElwahab Library DR AbdElwahab Library 12/02/2024   251 ا ر م 000004622 12/02/2024 12/02/2024 Books
    Dewey Decimal Classification الجزء الأول     DR AbdElwahab Library DR AbdElwahab Library 01/10/2025   251 ا ر م 000007333 01/10/2025 01/10/2025 Books
    Dewey Decimal Classification الجزء الثاني     DR AbdElwahab Library DR AbdElwahab Library 01/10/2025   251 ا ر م 000007334 01/10/2025 01/10/2025 Books
    Dewey Decimal Classification الجزء الثالث     DR AbdElwahab Library DR AbdElwahab Library 01/10/2025   251 ا ر م 000007335 01/10/2025 01/10/2025 Books